Finanzas públicas y derecho tributario./ (Registro nro. 7902)
[ vista simple ]
| 000 -LEADER | |
|---|---|
| fixed length control field | 02396nam a2200217Ia 4500 |
| 005 - FECHA Y HORA DE LA ÚLTIMA TRANSACCIÓN | |
| control field | 20250708091720.0 |
| 008 - FIXED-LENGTH DATA ELEMENTS--GENERAL INFORMATION | |
| fixed length control field | 230420s9999 xx 000 0 und d |
| 020 ## - INTERNATIONAL STANDARD BOOK NUMBER | |
| International Standard Book Number | 9502012305 |
| 040 ## - CATALOGING SOURCE | |
| Original cataloging agency | UPAN |
| Transcribing agency | Biblioteca San Vicente |
| Description conventions | RCAA2 |
| 041 ## - LANGUAGE CODE | |
| Language code of text/sound track or separate title | spa |
| 082 ## - DEWEY DECIMAL CLASSIFICATION NUMBER | |
| Classification number | 336 |
| Item number | J37f |
| año de publicación | 2004 |
| 100 ## - MAIN ENTRY--PERSONAL NAME | |
| Personal name | Jarach, Dino |
| Relator code | aut. |
| 245 #0 - TITLE STATEMENT | |
| Title | Finanzas públicas y derecho tributario./ |
| Remainder of title | Dino Jarach |
| 250 ## - EDITION STATEMENT | |
| Edition statement | 3° ed. |
| 260 ## - PUBLICATION, DISTRIBUTION, ETC. (IMPRINT) | |
| Place of publication, distribution, etc | Argentina: |
| Name of publisher, distributor, etc | ABELEDO-PERROT, |
| Date of publication, distribution, etc | 2004 |
| 300 ## - PHYSICAL DESCRIPTION | |
| Extent | 968 p.: |
| Dimensions | 23 cm. |
| 505 ## - FORMATTED CONTENTS NOTE | |
| Formatted contents note | Parte I: Finanzas públicas y derecho tributario en general.<br/>Capitulo I. Evolución del pensamiento financiero.<br/>Capitulo II. Finanzas públicas, naturaleza, estructura y relaciones con la economía.<br/>Capitulo III. Diferentes enfoques del derecho tributario.<br/><br/>Parte II: Presupuesto estatal.<br/>Capitulo I. El presupuesto estatal.<br/>Capitulo II. Presupuesto estatal, cuentas nacionales y renta nacional.<br/>Capitulo III. Finanzas de múltiples niveles de gobierno.<br/>Capitulo IV. Las finanzas de múltiples niveles en el derecho argentino.<br/><br/>Parte III: Gastos públicos.<br/>Capitulo I. Los gastos públicos.<br/>Capitulo II. Efectos de los gastos públicos.<br/>Capitulo III. Cuantificación de los efectos de los gastos públicos.<br/><br/>Parte IV: Recursos.<br/>Capitulo I. Recursos.<br/>Capitulo II. Teoría general del impuesto.<br/><br/>Parte V: Impuestos en general.<br/>Capitulo I. Caracteres del sistema impositivo.<br/>Capitulo II. Impuestos fijos, graduales, proporcionales, progresivo y regresivos.<br/>Capitulo III. Los principios de la imposición.<br/>Capitulo IV. Los principios de la imposición en el derecho constitucional argentino.<br/>Capitulo V. Efectos económicos de los impuestos.<br/><br/>Parte VI: El derecho tributario.<br/>Capitulo I. Diversos enfoques del derecho tributario.<br/>Capitulo II. Contenido del derecho tributario sustantivo.<br/>Capitulo III. El hecho imponible: Concepto y naturaleza.<br/>Capitulo IV. Interpretación de la norma tributaria.<br/>Capitulo V. Derecho tributario penal.<br/>Capitulo VI. Derecho tributario administrativo.<br/>Capitulo VII. Derecho tributario procesal.<br/><br/>Parte VII: La imposición sobre la renta.<br/>Capitulo I. El impuesto de la renta o a los réditos.<br/>Capitulo II. El impuesto a los réditos de las sociedades de capital.<br/>Capitulo III. La imposición sobre la renta en el derecho tributario argentino. |
| 650 ## - SUBJECT ADDED ENTRY--TOPICAL TERM | |
| Source of heading or term | LEMB |
| Topical term or geographic name as entry element | Finanzas |
| 700 ## - ADDED ENTRY--PERSONAL NAME | |
| Relator code | Perrot, Abeledo |
| Personal name | aut. |
| 942 ## - ADDED ENTRY ELEMENTS (KOHA) | |
| Koha item type | Libros |
| Source of classification or shelving scheme | Dewey Decimal Classification |
| Withdrawn status | Lost status | Source of classification or shelving scheme | Damaged status | Not for loan | Collection code | Home library | Current library | Date acquired | Total Checkouts | Full call number | Barcode | Date last seen | Copy number | Price effective from | Koha item type |
|---|---|---|---|---|---|---|---|---|---|---|---|---|---|---|---|
| Dewey Decimal Classification | Colección General | Biblioteca UPAN San Vicente | Biblioteca UPAN San Vicente | 20/04/2023 | 336 J37f | 12002543 | 20/04/2023 | 01 | 20/04/2023 | Libros | |||||
| Dewey Decimal Classification | Colección General | Biblioteca UPAN San Vicente | Biblioteca UPAN San Vicente | 20/04/2023 | 336 J37f | 12002545 | 22/04/2023 | 03 | 20/04/2023 | Libros | |||||
| Dewey Decimal Classification | Colección General | Biblioteca UPAN San Vicente | Biblioteca UPAN San Vicente | 20/04/2023 | 336 J37f | 12002544 | 22/04/2023 | 02 | 20/04/2023 | Libros |